| 000 | 00616nam a2200169 4500 | ||
|---|---|---|---|
| 999 |
_c16127 _d16127 |
||
| 008 | 210428b ||||| |||| 00| 0 eng d | ||
| 022 | _a1559-663X | ||
| 082 | _aDPer 420.705 En36 c2006-2008 | ||
| 100 |
_aSchcolnik, Miriam. _943205 |
||
| 245 |
_aConstructivism in theory and in practice/ _cMiriam Schcolnik, Sara Kol and Joan Abarbanel. |
||
| 260 |
_aWashington, D.C. : _bEnglish Teaching Forum, _cc2006-2008. |
||
| 300 |
_av44 n4, pages 12-20: _billustrations; _c27 cm. |
||
| 650 |
_aTeaching _xStrategy. _943186 |
||
| 700 |
_aKol, S. _eAuthor. _943206 |
||
| 700 |
_aAbarbanel, J. _eAuthor. _943207 |
||
| 942 |
_2ddc _cPER |
||